000 01210nam a2200289 i 4500
001 35394
003 ES-MaACL
005 20250416222531.0
007 t|
008 030212m19591978sp ac d |||| |dspa d
020 _a84-274-0528-6
020 _a84-85950-35-6
080 _a82.09(038)
245 0 0 _aDiccionario literario de obras y personajes de todos los tiempos y todos los países /
_c[director de la presente edición, Martín de Riquer].
246 3 _aBompiani
260 _aBarcelona :
_bMontaner y Simón,
_c[1959-1978]
300 _a14 v. ;
_c23 cm.
505 8 _aContiene: I. Movimientos espirituales - II. Obras: A-Cao - III. Cap-Dez - IV. Dia-Ez - V. F-Hiz - VI. Ho-Mcy - VII. Me-Paz - VIII. Pe-Q - IX. R-S - X. T-Z - XI. Personajes - XII. Índices - XIII. Apéndice: A-LL - XIV. Apéndice: M-Z
594 _aPrecede al tít.: González Porto, Bompiani.
650 4 _aPersonajes literarios-
_vDiccionarios.
_9173794
650 4 _aLiteratura-
_vDiccionarios.
_914484
700 1 _aGonzález Porto, José.
_9155126
700 1 _aRiquer, Martín de,
_d1914-2013
_9240061
710 2 _aCasa editrice Valentino Bompiani.
_92481
852 4 _aES-MaACL
_jF-14644-57
999 _c35394
_d35394